| 000 | 00404cam a2200169ua 4500 | ||
|---|---|---|---|
| 003 | OSt | ||
| 008 | 250610b |||||||| |||| 00| 0 eng d | ||
| 041 | _aeng | ||
| 082 |
_a624.171 _bDAR/ST |
||
| 100 |
_aDarkov, A . _97549 |
||
| 245 | _aStructural mechanics / | ||
| 250 | _a1 / | ||
| 260 |
_aMoscow : _bMir Publishers , _c1969. |
||
| 300 | _a703 ; . | ||
| 700 | 1 |
_aKuznetsove, V . _97550 |
|
| 942 | _cBK | ||
| 999 |
_c3325 _d3325 |
||